| 000 | 01010nam a22002537a 4500 | ||
|---|---|---|---|
| 003 | DO-SdBNP | ||
| 005 | 20240412074307.0 | ||
| 007 | ta | ||
| 008 | 201007e2010 ao10er 001 jdspa d | ||
| 040 |
_aDO-SdBNP _bspa _cBNPHU |
||
| 082 | _bP197c | ||
| 100 | 1 |
_aPantaleón Henríquez, Yris Josefina, _d1946- _976792 |
|
| 245 | 1 | 0 |
_aEl Callejón de los Recuerdos : _bdoce relatos que tratan la vida real de las décadas cincuenta y sesenta del siglo xx en la comunidad de conuco / _cYris Josefina Pantaleón Henríquez ; prólogo y edición, Pedro Carreras Aguilera. |
| 260 |
_aSan Francisco de Macorís, República Dominicana : _bAngeles de Fierro, _c2010 |
||
| 300 |
_a98 p. ; _c20 cm. |
||
| 490 | _aTinta de Taller | ||
| 500 | _aIncluye datos biográficos de la autora en las solapas | ||
| 590 | _aInventariado 2023 /MF | ||
| 650 | 0 |
_aLiteratura dominicana. _967 |
|
| 650 | 4 |
_97308 _aCuentos dominicanos |
|
| 700 | 1 |
_aCarreras Aguilera, Pedro, _e prólogo _976793 |
|
| 910 | _aMFeliz | ||
| 942 |
_2ddc _cLBS1 |
||
| 999 |
_c48836 _d48836 |
||